000 00901cam a2200241 4500
001 ABS65048
008 020213n2002 000 0 eng u
035 _a(Sirsi) u116717
100 _aNorwood, G.
245 3 _aAn onscreen entrance to the UK high street
260 _c2002
490 _aEstates Gazette
_v(0203) 19 January 2002, 110-111(2)
520 _aExamines a new website, thepropertydept.com, which aims to provide comprehensive property related services for small retailers looking for space. Also briefly compares other longer-established rivals.
590 _aABS
650 _aSHOPPING CENTRES
650 _aSMALL RETAILERS
650 _aPROPERTY-COMMERCIAL PROPERTY-RETAIL PROPERTY-RETAIL PROPERTY MARKET
650 _aCOMMERCIAL AGENTS
650 _aCOMMERCIAL SPACE
650 _aPROPERTY-COMMERCIAL PROPERTY
690 _aINFORMATION TECHNOLOGY-INTERNET
942 _n0
999 _c69520
_d69520